000 00333nam a2200133Ia 4500
008 240624s9999 xx 000 0 und d
041 _aeng
082 _a920 ASH
100 _aVIVEKANAND SWAMI
245 _aCOMPLETE WORKS OF SWAMI VIVEKANAND
260 _c1964
_aNew Delhi
_bAdvaita Ashrama
300 _a5062 : p.
440 _vvol 3
999 _c17204
_d17204